000 00762nam a22002417a 4500
005 20250521162254.0
008 250521b |||||||| |||| 00| 0 eng d
037 _cTB
040 _aLCT
_cLCT
041 _2eng
_aeng
_heng
084 _aV:91:(Z) Q18
100 _a Mendiratta, S K
_9809268
245 _aHow India Votes–Election Laws:
_bPractice and Procedure
250 _a4th ed.
260 _aGurgaon, India:
_bLexis Nexis,
_c2018(rp)
300 _axxiv, 516p.
650 _aLaw
_9784383
650 _aBanking Law
_9784384
650 _aNegotiable instruments
_9784385
650 _aNegotiable instruments India
_9784386
700 _aV S Rama Devi
_9809269
942 _2CC
_cTB
_hV:91:(Z) Q18
_n0
999 _c1428978
_d1428978